000 00507nam a2200181Ia 4500
999 _c32063
_d32063
003 OSt
005 20200806105528.0
008 190216s9999||||xx |||||||||||||| ||und||
020 _a9788173194993
040 _coclc
082 _a514.32
_bJAI/M
100 _aJain, P K
_91158
245 0 _aMetric Spaces /
_cP K Jain ; Khalil Ahmad
260 _bNarosa Pubs House,
_aNew Delhi:
_c2007.
300 _a150p
650 _aMathematics
942 _cBK
_2ddc
_h514.32
_iJAI/M
_k514.32
_mJAI/M